00377nam a2200133Ia 4500003000400000008004100004020002200045040000800067100002700075245008500102260002900187300001500216365001200231LDD181029s9999 xx 000 0 und d a387325204cE74.95 cLDD aGopalakrishnan, Ganesh 0aComputation engineering applied Automata Theory and LogiccGanesh Gopalakrishnan aNew YorkbSpringerc2006 axvii, 461p bE 74.95